An introduction to genetic analysis (Registro nro. 320756)
[ vista simple ]
| 000 -ENCABEZADO | |
|---|---|
| Número de control [NR] | 00912nam a22002657a 4500 |
| 005 - FECHA Y HORA DE LA ÚLTIMA TRANSACCIÓN | |
| control field | 20220308093030.0 |
| 008 - DE LONGITUD FIJA DE DATOS DE ELEMENTOS - INFORMACIÓN GENERAL | |
| Elementos de longitud fija [NR] | 220307s1996 caua|||gr|||| 00| 0 eng d |
| 020 ## - NUMERO INTERNACIONAL NORMALIZADO PARA LIBROS [R] | |
| Número Internacional Normalizado del libro [NR] | 0716726041 (6a.Ed.) |
| 020 ## - NUMERO INTERNACIONAL NORMALIZADO PARA LIBROS [R] | |
| Número Internacional Normalizado del libro [NR] | 0716722852 (5a.Ed.) |
| 020 ## - NUMERO INTERNACIONAL NORMALIZADO PARA LIBROS [R] | |
| Número Internacional Normalizado del libro [NR] | 0716719568 (4a.Ed.) |
| 020 ## - NUMERO INTERNACIONAL NORMALIZADO PARA LIBROS [R] | |
| Número Internacional Normalizado del libro [NR] | 0716712636 (2a.Ed.) |
| 040 ## - FUENTE DE CATALOGACION [NR] | |
| Agencia de catalogación original [NR] | CO-BoUCM |
| Idioma de catalogación [NR] | spa |
| Quien Cataloga | Deissy Garcia |
| Quien Clasifica | Deissy Garcia |
| 041 0# - CODIGO DE IDIOMA [R] | |
| Código de idioma para texto/pista de sonido o título separado [R] | Inglés |
| 060 ## - SIGNATURA TOPOGRAFICA DE LA BIBLIOTECA NACIONAL DE MEDICINA (NLM) [R] | |
| Número clasificador [R] | QH 430 |
| 100 ## - ASIENTO PRINCIPAL--NOMBRE PERSONAL [NR] | |
| ID Autoridad | 125294 |
| Nombre personal [NR] | Suzuki, David |
| Fechas asociadas con el nombre [NR] | 1936- |
| 245 13 - MENCION DE TITULO [NR] | |
| Título [NR] | An introduction to genetic analysis |
| Mención de responsabilidad, etc. [NR] | David T. Suzuki, Anthony J. F. Griffiths, Richard C. Lewontin |
| 250 ## - MENCION DE EDICION [NR] | |
| Mención de edición [NR] | 6a.Ed. |
| 260 ## - PUBLICACION, DISTRIBUCION, ETC. (PIE DE IMPRENTA) [R] | |
| Lugar de publicación, distribución, etc. [R] | San Francisco |
| Nombre del editor, distribuidor, etc. [R] | W. H. Freeman |
| Fecha de publicación, distribución, etc. [R] | 1996 |
| 300 ## - DESCRIPCION FISICA [R] | |
| Extensión [R] | 916 páginas |
| Otros detalles físicos [NR] | ilustraciones |
| 504 ## - NOTA DE BIBLIOGRAFIA, ETC. [R] | |
| Nota de bibliografía, etc. [NR] | Incluye referencias bibliográficas e índices |
| 650 #7 - ASIENTO SECUNDARIO DE MATERIA - TERMINO TEMATICO [R] | |
| 9 (RLIN) | 207 |
| Término temático o nombre geográfico como elemento de entrada [NR] | Genética |
| 700 1# - ASIENTO SECUNDARIO - NOMBRE PERSONAL [R] | |
| Nombre personal [NR] | Griffiths, Anthony J. F. |
| 9 (RLIN) | 76451 |
| 700 1# - ASIENTO SECUNDARIO - NOMBRE PERSONAL [R] | |
| Nombre personal [NR] | Lewontin, Richard C. |
| 9 (RLIN) | 146264 |
| 942 ## - ELEMENTOS DE ENTRADA AGREGADOS (KOHA) | |
| Sistema de clasificación | NLM |
| Tema principal | Ciencias puras |
| Tipo de ítem principal el descrito en 300a | Libro |
| Edición | 6 |
| Clasificación | QH 430 |
| Parte restante de la signatura top. | S968i |
| Título oculto en OPAC | No |
| Total préstamos | Signatura topográfica | Código de barras | Última vez visto | Volúmen / Fascículo | Ejemplar | Costo de reposición | Price effective from | Tipo de ítem | Perdido | Sistema de clasificación | Dañado | No prestable | Tipo de ítem específico | Suprimido | Ubicación habitual | Ubicación actual | Localización | Fecha de creación | Forma de adquisición | Costo | Fecha de último préstamo | Total Renewals |
|---|---|---|---|---|---|---|---|---|---|---|---|---|---|---|---|---|---|---|---|---|---|---|
| QH 430 S68i | 100169824 | 10/12/2025 | 2a.Ed. | Ej.1 | 26000.00 | 08/03/2022 | Libro | NLM | Libro | Quinta de Mutis | Quinta de Mutis | 1er piso | 08/03/2022 | Donación | 0.00 | |||||||
| QH 430 S68i | 100169832 | 10/12/2025 | 4a.Ed. | Ej.1 | 26000.00 | 08/03/2022 | Libro | NLM | Libro | Quinta de Mutis | Quinta de Mutis | 1er piso | 08/03/2022 | Donación | 0.00 | |||||||
| QH 430 S68i | 100169833 | 10/12/2025 | 3a.Ed. | Ej.1 | 26000.00 | 08/03/2022 | Libro | NLM | Libro | Quinta de Mutis | Quinta de Mutis | 1er piso | 08/03/2022 | Donación | 0.00 | |||||||
| 1 | QH 430 S68i | 100169834 | 10/12/2025 | 5a.Ed. | Ej.1 | 26000.00 | 08/03/2022 | Libro | NLM | Libro | Quinta de Mutis | Quinta de Mutis | 1er piso | 08/03/2022 | Donación | 0.00 | 27/03/2023 | 1 | ||||
| QH 430 S68i | 100169835 | 10/12/2025 | 6a.Ed. | Ej.1 | 26000.00 | 08/03/2022 | Libro | NLM | Libro | Quinta de Mutis | Quinta de Mutis | 1er piso | 08/03/2022 | Donación | 0.00 |